|
|
|
|
| LEADER |
01620nam a2200445 4500 |
| 001 |
on1105758494 |
| 003 |
OCoLC |
| 005 |
20200326101202.0 |
| 006 |
m o d |
| 007 |
cr cnu---unuuu |
| 008 |
190626s2019 mau o 000 0 eng d |
| 040 |
|
|
|a OPELS
|b eng
|e rda
|e pn
|c OPELS
|d N$T
|d OCLCF
|d SCB
|d UKAHL
|d CASUM
|d OCLCA
|d GrThAP
|
| 019 |
|
|
|a 1141481822
|
| 020 |
|
|
|a 9780128168325
|q (electronic bk.)
|
| 020 |
|
|
|a 0128168323
|q (electronic bk.)
|
| 020 |
|
|
|a 9780128168318
|q (print)
|
| 020 |
|
|
|a 0128168315
|q print
|
| 035 |
|
|
|a (OCoLC)1105758494
|z (OCoLC)1141481822
|
| 050 |
|
4 |
|a QP623
|
| 072 |
|
7 |
|a SCI
|x 007000
|2 bisacsh
|
| 082 |
0 |
4 |
|a 572.8/8
|2 23
|
| 245 |
0 |
0 |
|a RNA recognition /
|c edited by Amanda E. Hargrove.
|
| 264 |
|
1 |
|a Cambridge, MA :
|b Academic Press is an imprint of Elsevier,
|c 2019.
|
| 300 |
|
|
|a 1 online resource.
|
| 336 |
|
|
|a text
|b txt
|2 rdacontent
|
| 337 |
|
|
|a computer
|b c
|2 rdamedia
|
| 338 |
|
|
|a online resource
|b cr
|2 rdacarrier
|
| 490 |
1 |
|
|a Methods in enzymology ;
|v volume 623
|
| 588 |
0 |
|
|a Title details screen.
|
| 650 |
|
0 |
|a RNA.
|
| 650 |
|
7 |
|a SCIENCE / Life Sciences / Biochemistry
|2 bisacsh
|
| 650 |
|
7 |
|a RNA.
|2 fast
|0 (OCoLC)fst01086244
|
| 650 |
1 |
2 |
|a RNA.
|0 (DNLM)D012313
|
| 650 |
2 |
2 |
|a RNA Recognition Motif.
|0 (DNLM)D000071377
|
| 650 |
2 |
2 |
|a RNA Recognition Motif Proteins.
|0 (DNLM)D000067776
|
| 650 |
2 |
2 |
|a Sequence Analysis, RNA.
|0 (DNLM)D017423
|
| 655 |
|
4 |
|a Electronic books.
|
| 700 |
1 |
|
|a Hargrove, Amanda E.,
|e editor.
|
| 830 |
|
0 |
|a Methods in enzymology ;
|v v. 623.
|
| 856 |
4 |
0 |
|3 ScienceDirect
|u https://www.sciencedirect.com/science/bookseries/00766879/623
|z Full Text via HEAL-Link
|